00818nam a2200241 i 45000010005000000030009000050050017000140080039000310150016000700400028000860800012001141000039001262450057001652600047002223000026002693800017002956500023003127100069003358560097004049420012005019990015005139520048005288944KOSZ 00520191214090754.0070908s1968 pl g 000 0 pol aPB 1969/697 aWA NcWA NdKOSZ 005/RW a008.3011 aKossak, Jerzyd(1927-1998).eAutor10aSpór o współczesną kulturę /cJerzy Kossak. aWarszawa :b"Książka i Wiedza",c1968. a264, [4] s. ;c18 cm. aKsiążki. 4aSocjologia kultury2 aSpółdzielnia Wydawniczo-Handlowa "Książka i Wiedza"4pbl. uhttp://koha.tu.koszalin.pl/cgi-bin/koha/opac-detail.pl?biblionumber=8944yKatalog online BPK 2UKDcKS c8944d8944 00104070aBPKbBPKcwo8757p01773309yKS